00578nam a22001577a 4500003000400000005001700004008004100021017004900062040002200111100004300133245009000176260004100266300002300307504003100330650005900361OSt20180424161849.0180424s2017 sp a 000 0 spa d aM 2824-2017bOficina Depósito Legal Madrid aSpMaBNbcatcCDMR1 aLópez De Zuazo Algar, Antoniod1946-10aCatálogo de periodistas españoles del siglo XIXc/ Antonio López de Zuazo Algar aMadrid :bA. López de Zuazo,c2017 a640 p.bil.c30 cm aBibliografía: p. 635-638 4aPeriodisteszEspanyayS.XIXxBiografíesvDiccionaris